Sunrisers Hyderabad (SRH) - Sudden Death - Statistics

General Stats
  • This quiz has been taken 664 times
  • The average score is 19 of 35
Answers on the Grid
Answers color-coded by a green-red scale on the quiz's grid according to % correct below.
Abdul Samad
Abhishek Sharma
Aiden Markram
Akeal Hosein
Bhuvneshwar Kumar
Chris Morris
Dale Steyn
David Warner
Deepak Hooda
Devdutt Padikkal
Eoin Morgan
Evin Lewis
Glenn Maxwell
Gurkeerat Singh Mann
Hanuma Vihari
Harry Brook
Jagadeesha Suchith
Jason Holder
Jaydev Unadkat
Jofra Archer
Jonny Bairstow
Josh Philippe
Kane Williamson
Khaleel Ahmed
Kieron Pollard
Krunal Pandya
Manish Pandey
Marco Jansen
Mayank Markande
Moises Henriques
Naman Ojha
Nicholas Pooran
Pat Cummins
Prithvi Shaw
Rashid Khan
Sandeep Sharma
Sanju Samson
Shahbaz Nadeem
Shikhar Dhawan
Shreyas Iyer
Siddarth Kaul
Suryakumar Yadav
T Natarajan
Trent Boult
Umran Malik
Vijay Shankar
Virat Kohli
Yusuf Pathan
Yuvraj Singh
Yuzvendra Chahal
 
Answer Stats
Answer % Correct
Bhuvneshwar Kumar
90%
Pat Cummins
80%
Abhishek Sharma
77%
T Natarajan
77%
David Warner
70%
Abdul Samad
67%
Shikhar Dhawan
67%
Umran Malik
67%
Aiden Markram
63%
Vijay Shankar
63%
Jaydev Unadkat
60%
Jonny Bairstow
60%
Kane Williamson
60%
Manish Pandey
60%
Rashid Khan
60%
Marco Jansen
57%
Khaleel Ahmed
53%
Mayank Markande
53%
Yuvraj Singh
53%
Jason Holder
50%
Naman Ojha
50%
Trent Boult
50%
Dale Steyn
47%
Harry Brook
47%
Moises Henriques
47%
Nicholas Pooran
43%
Sandeep Sharma
43%
Shahbaz Nadeem
43%
Yusuf Pathan
43%
Deepak Hooda
40%
Jagadeesha Suchith
37%
Siddarth Kaul
37%
Eoin Morgan
33%
Hanuma Vihari
30%
Akeal Hosein
23%
No matching quizzes found
Score Distribution
Percent of People with Each Score
Percentile by Number Answered
Your Score History
You have not taken this quiz